000
002810000a22000970004500
100
1
_a
Gribben, Crawford
245
1
0
_a
The eschatology of the puritan confessions
300
_a
Vol. 20, Num. 1 (2002), Páginas 51-78
773
0
_t
Scottish Bulletin of Evangelical Theology
942
_c
ANA
999
_c
55772
_d
55772